Didáctica y contabilidad : estrategias didácticas aplicadas en la educación contable : una revisión de las experiencias angloparlantes /

Bibliographic Details
Main Author: Ruiz Rojas, Gustavo Alberto (Author)
Format: Electronic eBook
Language:Spanish
Published: Medellín : Ediciones UNAULA, [2022]
Series:Libros resultado de investigación (Medellin, Colombia)
Subjects:
Online Access:Digitalia Hispánica

MARC

LEADER 00000nam a2200000Ii 4500
001 DIGUNAU0182
003 NyNyDIG
006 m o d
007 cr |||||||||||
008 230217s2022 ck ob 000 0 spa d
035 |a (OCoLC)1371187225 
040 |a DGITA  |b eng  |e rda  |e pn  |c DGITA 
020 |a 9789585495920  |q eBook 
020 |z 9789585495913 
050 1 4 |a HF5630 ebook 
082 0 4 |a 657.07 
100 1 |a Ruiz Rojas, Gustavo Alberto,  |e author. 
245 1 0 |a Didáctica y contabilidad :  |b estrategias didácticas aplicadas en la educación contable : una revisión de las experiencias angloparlantes /  |c Gustavo Alberto Ruiz Rojas. 
264 1 |a Medellín :  |b Ediciones UNAULA,  |c [2022] 
300 |a 1 online resource. 
336 |a text  |b txt  |2 rdacontent 
337 |a computer  |b c  |2 rdamedia 
338 |a online resource  |b cr  |2 rdacarrier 
347 |a text file  |2 rdaft 
347 |b PDF 
490 1 |a Serie: Libro resultado de investigación 
504 |a Includes bibliographical references. 
588 0 |a Online resource; title from PDF title page (Digitalia, viewed February 17, 2023) 
650 0 |a Accounting  |x Study and teaching. 
650 0 |a Teaching  |x Methodology. 
791 2 |a Digitalia (Firm),  |e distributor. 
793 0 |g Digitalia eBook Collection:  |a Ediciones UNAULA 
776 0 8 |i Print version:  |a Ruiz Rojas, Gustavo Alberto.  |t Didáctica y contabilidad.  |b Primera edición.  |d Medellín : Ediciones UNAULA, [2022]  |z 9789585495913 
830 0 |a Libros resultado de investigación (Medellin, Colombia) 
856 4 0 |3 Digitalia Hispánica  |u https://www.digitaliapublishing.com/a/119311/ 
910 |a Premium collection: 2023